Colored memories (Record no. 19779)
[ view plain ]
| 000 -LEADER | |
|---|---|
| fixed length control field | 02237nam a2200433 a 4500 |
| 082 04 - DEWEY DECIMAL CLASSIFICATION NUMBER | |
| Classification number | 070.92 |
| -- | B |
| 100 1# - MAIN ENTRY--AUTHOR NAME | |
| Personal name | Curtis, Susan, |
| 245 10 - TITLE STATEMENT | |
| Title | Colored memories |
| 260 ## - PUBLICATION, DISTRIBUTION, ETC. (IMPRINT) | |
| Place of publication | Columbia : |
| Name of publisher | University of Missouri Press, |
| Year of publication | c2008. |
| 300 ## - PHYSICAL DESCRIPTION | |
| Number of Pages | xiii, 290 p. : |
| Other physical details | ill. |
| 520 ## - SUMMARY, ETC. | |
| Summary, etc | "Explores the life of African American Lester A. Walton whose illustrious career spanned the first six decades of the twentieth century but who is now forgotten. Curtis explores the failure of collective memory and America's obsession with race as she explains how she discovered Walton and his place in history"--Provided by publisher. |
| 650 #0 - SUBJECT ADDED ENTRY--TOPICAL TERM | |
| Topical Term | African Americans |
| Topical Term | African American journalists |
| Topical Term | Theater critics |
| Topical Term | African Americans |
| Topical Term | African Americans |
| Topical Term | Memory |
| Topical Term | Biography |
| 856 40 - ELECTRONIC LOCATION AND ACCESS | |
| Uniform Resource Identifier | http://site.ebrary.com/lib/rucke/Doc?id=10277767 |
No items available.
